Statistiques concernant Liste des matières au collège en France

Cliquez ici pour prendre le quiz!

Statistiques générales

  • Ce quiz a été pris 1 812 fois
  • Le résultat moyen est 10 sur 11

Statistiques - réponses

Matières% Correct
Français
99%
Langues vivantes
99%
Mathématiques
99%
Histoire-géographie
95%
Sciences de la vie et de la Terre
94%
Physique-chimie
93%
Éducation musicale
88%
Arts plastiques
86%
Éducation physique et sportive
84%
Technologie
83%
Enseignement moral et civique
61%

Distribution des résultats

Percentile par nombre de réponses

% des personnes avec chaque résultat

Votre développement - résultats

Vous n’avez pas pris ce quiz